000 00659nam a2200241Ia 4500
003 OSt
005 20230417094438.0
008 210423s2011 xx 000 0 und d
020 _a9788131730942
040 _cAL
041 _aeng
082 _a332
_223
_bSURP
100 _aSURESH (Padmalatha);PAUL (Justin)
_989027
245 _aManagement of banking and financial services
250 _a2
260 _aDelhi
_bPearson Education Pvt Ltd
_c2011
300 _axxi,596
_bPB
365 _b475
_cINR
650 _aEconomics
_989028
650 _aFinancial Economics
_989029
906 _abanking ; financial ; Management ; services
942 _2ddc
_cBK
999 _c160533
_d160533